000 00365nam a22001097a 4500
008 230703b xxu||||| |||| 00| 0 eng d
082 _a342
_bCKRC 2005
245 _aConstitution of Kenya Review Commission
_bManual for Educators for Civic Education Referendum 2005
260 _aKenya
_bConstitution of Kenya Review Commission
_c2005
300 _a108p
942 _2ddc
_cBK
999 _c3245
_d3245